Historia, Geografía y Ciencias Sociales 8º Básico: Texto para el estudiante
محفوظ في:
| المؤلفون الرئيسيون: | , |
|---|---|
| التنسيق: | كتاب |
| اللغة: | الإسبانية |
| منشور في: |
Santiago
Mare Nostrum
2009
|
| الطبعة: | 1a. ed |
| الموضوعات: | |
| الوسوم: |
إضافة وسم
لا توجد وسوم, كن أول من يضع وسما على هذه التسجيلة!
|
MARC
| LEADER | 00000nam a2200000 a 4500 | ||
|---|---|---|---|
| 001 | UCG0069 | ||
| 003 | CL-VaPUC | ||
| 008 | 100312e20090000CL |||||||||||||||||spa|d | ||
| 020 | |a 9789562942584 | ||
| 082 | 0 | 4 | |a 372.89 |b SIL |2 21 |
| 100 | 0 | |a Silva Villalobos, Victoria |e author |9 547407 | |
| 700 | 0 | |a Ramírez Morales, Fernando |e author |9 547408 | |
| 245 | 1 | 0 | |a Historia, Geografía y Ciencias Sociales 8º Básico: Texto para el estudiante |
| 250 | |a 1a. ed | ||
| 300 | |a 200 p | ||
| 942 | |c BK | ||
| 945 | |d 20100312 00:00:00 |a rbrito | ||
| 260 | |a Santiago |b Mare Nostrum |c 2009 | ||
| 650 | 0 | |a Enseñanza de la historia |9 307330 | |
| 650 | 0 | |a Enseñanza de la geografía |9 310005 | |
| 650 | 0 | |a Enseñanza de las ciencias sociales |9 337823 | |
| 650 | 0 | |a Educación básica |9 224933 | |
| 650 | 0 | |a Libros de texto |9 270019 | |
| 650 | 0 | |a Métodos de enseñanza |9 270413 | |
| 583 | |a last modification |c 20171004 12:17:29 |k Rodrigo Vera | ||
| 999 | |c 339820 |d 339818 | ||
| 952 | |0 0 |1 0 |4 0 |6 372_890000000000000_SIL_2009 |7 0 |8 A |9 433952 |a BIBEDU |b BIBEDU |d 2019-11-22 |i 4638506 |o 372.89 SIL 2009 |p 4638506 |r 2019-11-22 |w 2019-11-22 |y BK |k EPE | ||